第19回参議院議員通常選挙当選者 - Statistics

General Stats
  • This quiz has been taken 2 times
  • The average score is 8 of 121
Answer Stats
選挙区 党派 当選者 % Correct
宮城 民主党 岡崎トミ子
100%
宮城 自民党 愛知治郎
100%
北海道 自民党 伊達忠一
50%
岩手 自由党 平野達男
50%
東京 公明党 山口那津男
50%
新潟 自由党 森裕子
50%
長野 自民党 吉田博美
50%
長野 民主党 羽田雄一郎
50%
静岡 民主党 榛葉賀津也
50%
比例代表 自民党 武見敬三
50%
比例代表 自民党 山東昭子
50%
比例代表 自民党 有村治子
50%
比例代表 公明党 山本香苗
50%
北海道 民主党 小川勝也
0%
青森 自民党 山崎力
0%
秋田 自民党 金田勝年
0%
山形 自民党 阿部正俊
0%
福島 自民党 太田豊秋
0%
福島 民主党 和田洋子
0%
茨城 自民党 狩野安
0%
茨城 自民党 小林元
0%
栃木 自民党 国井正幸
0%
栃木 民主党 谷博之
0%
群馬 自民党 山本一太
0%
群馬 民主党 角田義一
0%
埼玉 自民党 佐藤泰三
0%
埼玉 公明党 高野博師
0%
埼玉 民主党 山根隆治
0%
千葉 自民党 倉田寛之
0%
千葉 民主党 今泉昭
0%
東京 自民党 保坂三蔵
0%
東京 民主党 鈴木寬
0%
東京 共産党 緒方靖夫
0%
神奈川 自民党 小林温
0%
神奈川 公明党 松あきら
0%
神奈川 民主党 斎藤勁
0%
新潟 自民党 真島一男
0%
山梨 自民党 中島真人
0%
富山 自民党 野上浩太郎
0%
石川 自民党 沓掛哲男
0%
福井 自民党 松村龍二
0%
岐阜 自民党 大野つや子
0%
岐阜 民主党 平田健二
0%
静岡 自民党 竹山裕
0%
愛知 自民党 鈴木政二
0%
愛知 民主党 大塚耕平
0%
愛知 公明党 山本保
0%
三重 無所属 高橋千秋
0%
滋賀 自民党 山下英利
0%
京都 自民党 西田吉宏
0%
京都 民主党 松井孝治
0%
大阪 自民党 谷川秀善
0%
大阪 公明党 白浜一良
0%
大阪 民主党 山本孝史
0%
兵庫 自民党 鴻池祥肇
0%
兵庫 民主党 辻一憲
0%
奈良 自民党 荒井正吾
0%
和歌山 自民党 世耕弘成
0%
鳥取 自民党 常田享詳
0%
島根 自民党 景山俊太郎
0%
岡山 自民党 片山虎之助
0%
広島 無所属 柏村武昭
0%
広島 自民党 溝手顕正
0%
山口 自民党 林芳正
0%
徳島 自民党 北岡秀二
0%
香川 自民党 真鍋賢二
0%
愛媛 自民党 関谷勝嗣
0%
高知 自民党 田村公平
0%
福岡 自民党 松山政司
0%
福岡 民主党 岩本司
0%
佐賀 自民党 陣内孝雄
0%
長崎 自民党 田浦直
0%
熊本 自民党 三浦一水
0%
大分 自民党 後藤博子
0%
宮崎 自民党 小斉平敏文
0%
鹿児島 自民党 加治屋義人
0%
沖縄 自民党 西銘順志郎
0%
比例代表 自民党 舛添要一
0%
比例代表 自民党 高祖憲治
0%
比例代表 自民党 大仁田厚
0%
比例代表 自民党 小野清子
0%
比例代表 自民党 岩井國臣
0%
比例代表 自民党 橋本聖子
0%
比例代表 自民党 尾辻秀久
0%
比例代表 自民党 桜井新
0%
比例代表 自民党 段本幸男
0%
比例代表 自民党 魚住汎英
0%
比例代表 自民党 清水嘉与子
0%
比例代表 自民党 福島啓史郎
0%
比例代表 自民党 近藤剛
0%
比例代表 自民党 森元恒雄
0%
比例代表 自民党 藤井基之
0%
比例代表 自民党 小泉顕雄
0%
比例代表 自民党 中原爽
0%
比例代表 公明党 木庭健太郎
0%
比例代表 公明党 遠山清彦
0%
比例代表 公明党 草川昭三
0%
比例代表 公明党 渡辺孝男
0%
比例代表 公明党 魚住裕一郎
0%
比例代表 公明党 福本潤一
0%
比例代表 公明党 加藤修一
0%
比例代表 民主党 大橋巨泉
0%
比例代表 民主党 藤原正司
0%
比例代表 民主党 池口修次
0%
比例代表 民主党 朝日俊弘
0%
比例代表 民主党 若林秀樹
0%
比例代表 民主党 伊藤基隆
0%
比例代表 民主党 佐藤道夫
0%
比例代表 民主党 神本美恵子
0%
比例代表 自由党 西岡武夫
0%
比例代表 自由党 田村秀昭
0%
比例代表 自由党 広野允士
0%
比例代表 自由党 大江康弘
0%
比例代表 共産党 紙智子
0%
比例代表 共産党 筆坂秀世
0%
比例代表 共産党 井上哲士
0%
比例代表 共産党 吉川春子
0%
比例代表 社民党 田嶋陽子
0%
比例代表 社民党 大田昌秀
0%
比例代表 社民党 又市征治
0%
比例代表 保守党 扇千景
0%
No matching quizzes found
Score Distribution
Percent of People with Each Score
Percentile by Number Answered
Your Score History
You have not taken this quiz